| 000 | 00451nam a2200121Ia 4500 | ||
|---|---|---|---|
| 008 | 171212s9999 xx 000 0 und d | ||
| 020 | _a9781783743483 | ||
| 100 | _aBryson, Michael;Movsesian, Arpi | ||
| 245 |
_cBryson, Michael;Movsesian, Arpi _aLove and its Critics _bFrom the Song of Songs to Shakespeare and Milton’s Eden |
||
| 260 |
_bOpen Book Publishers _c2017 |
||
| 650 | _aLanguage & Literature | ||
| 856 | _uhttp://jstor.org/stable/j.ctt1sq5vd6 | ||
| 999 |
_c351584 _d351584 |
||